Städte anhand Bilder erfassen - Statistiken

Allgemein
  • Dieses Quiz wurde 397 mal gespielt
  • Das Durchschnittsergebnis liegt bei 13 aus 17
Antwortstatistiken
Bildquiz Antwort % Korrekt
Berlin
99%
Paris
98%
Pisa
97%
Moskau
95%
London
93%
Rio
93%
New York
91%
Sydney
87%
Los Angeles
82%
Athen
80%
Amsterdam
77%
Las Vegas
73%
Barcelona
72%
Kairo
69%
Lissabon
51%
Tokio
48%
Istanbul
28%
Keine übereinstimmenden Quizze gefunden
Verteilung der Resultate
Anzahl Personen mit jedem Resultat
Perzentil nach korrekt beantworteten Fragen
Ihre Resultats-Entwicklung
Sie haben dieses Quiz noch nicht gespielt